Ανάλυση δεδομένων με χρήση της R

Αποθηκεύτηκε σε:
Λεπτομέρειες βιβλιογραφικής εγγραφής
Κύριος συγγραφέας: Φουσκάκης, Δημήτρης
Μορφή: Βιβλίο
Γλώσσα:Greek
Δημοσίευση: Αθήνα : Τσότρας, c2013.
Θέματα:
Ετικέτες: Προσθήκη ετικέτας
Δεν υπάρχουν, Καταχωρήστε ετικέτα πρώτοι!

MARC

LEADER 00000cam a2200000 a 4500
001 1/109594
008 160118t2013####gr | ||| |||||||gre||
020 |a 9786188074156  
040 |a GR-MyUa  |b gre  |c GR-MyUa  |e AACR2 
041 0 |a gre 
082 7 |a 519.50285   |2 (23)  
100 1 |a Φουσκάκης, Δημήτρης. 
245 1 0 |a Ανάλυση δεδομένων με χρήση της R /   |c Δημήτριος Φουσκάκης.  
260 |a Αθήνα :   |b Τσότρας,   |c c2013.  
300 |a xxiv, 504 σ. :   |b διάγρ., πιν. ;   |c 25 εκ.  
504 |a Βιβλιογραφία: σ. 493- 497. Ευρετήριο.  
650 0 |a R (Computer program language) 
650 0 |a Mathematical statistics. 
852 |a INST  |b CHIOS  |c EUDOXUS  |e 20210514  |h 519.50285 ΦΟΥ  |p 005200039747  |q 005200039747  |t EDX  |y 0 
852 |a INST  |b CHIOS  |c EUDOXUS  |e 20210514  |h 519.50285 ΦΟΥ  |p 005200039748  |q 005200039748  |t EDX  |y 0 
852 |a INST  |b CHIOS  |c EUDOXUS  |e 20210108  |h 519.50285 ΦΟΥ  |p 005200039869  |q 005200039869  |t EDX  |y 0 
852 |a INST  |b LESVOS  |c EUDOXUS  |e 20160118  |h 519.50285 ΦΟΥ  |p 005100057804  |q 005100057804  |t EDX  |y 0 
852 |a INST  |b LESVOS  |c EUDOXUS  |e 20160118  |h 519.50285 ΦΟΥ  |p 005100057805  |q 005100057805  |t EDX  |y 0 
852 |a INST  |b SAMOS  |c EUDOXUS  |e 20160125  |h 519.50285 ΦΟΥ  |p 005300043240  |q 005300043240  |t EDX  |y 23 
852 |a INST  |b SAMOS  |c EUDOXUS  |e 20160125  |h 519.50285 ΦΟΥ  |p 005300043241  |q 005300043241  |t EDX  |y 4  |x 20220221 
852 |a INST  |b SAMOS  |c EUDOXUS  |e 20160125  |h 519.50285 ΦΟΥ  |p 005300043242  |q 005300043242  |t EDX  |y 0 
852 |a INST  |b SAMOS  |c EUDOXUS  |e 20160125  |h 519.50285 ΦΟΥ  |p 005300043243  |q 005300043243  |t EDX  |y 0 
852 |a INST  |b SAMOS  |c EUDOXUS  |e 20170112  |h 519.50285 ΦΟΥ  |p 005300044152  |q 005300044152  |t EDX  |y 0 
852 |a INST  |b SAMOS  |c EUDOXUS  |e 20170112  |h 519.50285 ΦΟΥ  |p 005300044153  |q 005300044153  |t EDX  |y 4  |x 20220203 
852 |a INST  |b SAMOS  |c EUDOXUS  |e 20170112  |h 519.50285 ΦΟΥ  |p 005300044154  |q 005300044154  |t EDX  |y 0 
920 |a Εύδοξος  |b Παραγγελία  |y Λέσβος-ΤΕΘ  |z 2016-01 
920 |a Εύδοξος  |b Παραγγελία  |y Σάμος-ΤΣΑΧΜ  |z 2016-01 
920 |a Εύδοξος  |b Παραγγελία  |y Σάμος-ΤΣΑΧΜ  |z 2017-01 
920 |a Εύδοξος  |b Παραγγελία  |y Χίος-ΤΜΟΔ  |z 2021-01 
920 |a Εύδοξος  |b Παραγγελία  |y Χίος-ΤΜΟΔ  |z 2021-05 
970 |a Τζαφέρη   |b Ευαγγελία  |z 18-01-2016